000 00489nam a22001817a 4500
999 _c190860
_d190860
005 20220808112038.0
010 _aENG-134333
020 _a9788179776537
_c200.00
035 _aEN-117865
037 _bDBAD/PUB
082 _a881
100 _aShastri, R.M. Prabhulinga
245 _aThere i Am/
_cR.M. Prabhulinga Shastri
260 _aBareilly
_bPrakash Book Depot
_c2019
270 _bBareilly
_e243003
300 _a79p.
_c20cm(pbk)
942 _2ddc
_cEN
_h881
_mSHA